Masked Singer Suomi kausi 5 - Statistics

Yleistilastot
  • Tätä visaa on pelattu 32 kertaa
  • Keskiarvotulos 7 / 14
Vastaustilastot
Kuvavisa Vastaus % Oikein
Paula Noronen
74%
Niko Saarinen
70%
Bess
67%
Jaakko Parkkali
67%
Esko Kovero
63%
Veronica Verho
63%
Hanna Pakarinen
52%
Lotta Hintsa
52%
Sirpa Selänne
41%
Jani Toivola
37%
Jarkko Ahola
37%
Joonas Nordman
37%
Eini
30%
Aino-Kaisa Saarinen
15%
Ehtoja vastaavia visoja ei löytynyt
Tulosjakauma
Jokaisen tuloksen saaneiden osuus
Persentiili vastausten määrän mukaan
Tuloshistoriasi
Et ole pelannut tätä visaa